<?xml version="1.0" encoding="UTF-8"?>
<record
    xmlns:xsi="http://www.w3.org/2001/XMLSchema-instance"
    xsi:schemaLocation="http://www.loc.gov/MARC21/slim http://www.loc.gov/standards/marcxml/schema/MARC21slim.xsd"
    xmlns="http://www.loc.gov/MARC21/slim">

  <leader>00550nam a2200181Ia 4500</leader>
  <controlfield tag="008">220531s9999    xx            000 0 und d</controlfield>
  <datafield tag="041" ind1=" " ind2=" ">
    <subfield code="a">mar</subfield>
  </datafield>
  <datafield tag="082" ind1=" " ind2=" ">
    <subfield code="b">NAV</subfield>
  </datafield>
  <datafield tag="100" ind1=" " ind2=" ">
    <subfield code="a">&#x928;&#x935;&#x938;&#x93E;&#x917;&#x930;, &#x938;&#x941;. &#x92D;&#x93E;.</subfield>
    <subfield code="9">78486</subfield>
  </datafield>
  <datafield tag="245" ind1=" " ind2=" ">
    <subfield code="a">&#x92C;&#x94C;&#x926;&#x94D;&#x927; &#x924;&#x924;&#x94D;&#x935;&#x91C;&#x94D;&#x91E;&#x93E;&#x928; &#x906;&#x923;&#x93F; &#x92E;&#x939;&#x93E;&#x924;&#x94D;&#x92E;&#x93E; &#x91C;&#x94B;&#x924;&#x940;&#x930;&#x93E;&#x935;  &#x92B;&#x941;&#x932;&#x947;</subfield>
  </datafield>
  <datafield tag="250" ind1=" " ind2=" ">
    <subfield code="a">1ST</subfield>
  </datafield>
  <datafield tag="260" ind1=" " ind2=" ">
    <subfield code="a">Aurangabad</subfield>
    <subfield code="b">Ajintha</subfield>
    <subfield code="c">2017</subfield>
  </datafield>
  <datafield tag="300" ind1=" " ind2=" ">
    <subfield code="a">261</subfield>
  </datafield>
  <datafield tag="542" ind1=" " ind2=" ">
    <subfield code="d">05-06-2018</subfield>
  </datafield>
  <datafield tag="650" ind1=" " ind2=" ">
    <subfield code="a">Boudha Tatwadnyan</subfield>
    <subfield code="9">78487</subfield>
  </datafield>
  <datafield tag="906" ind1=" " ind2=" ">
    <subfield code="d">2018-2019</subfield>
    <subfield code="f">12987</subfield>
  </datafield>
  <datafield tag="999" ind1=" " ind2=" ">
    <subfield code="c">43486</subfield>
    <subfield code="d">43486</subfield>
  </datafield>
  <datafield tag="952" ind1=" " ind2=" ">
    <subfield code="0">0</subfield>
    <subfield code="1">0</subfield>
    <subfield code="2">ddc</subfield>
    <subfield code="4">0</subfield>
    <subfield code="7">0</subfield>
    <subfield code="8">Marathi</subfield>
    <subfield code="a">SSMM</subfield>
    <subfield code="b">SSMM</subfield>
    <subfield code="d">2018-09-12</subfield>
    <subfield code="e">Swaroop</subfield>
    <subfield code="g">250.00</subfield>
    <subfield code="l">0</subfield>
    <subfield code="n">1</subfield>
    <subfield code="o">/NAV/B/21947</subfield>
    <subfield code="p">SSMM-BK-21947</subfield>
    <subfield code="r">2022-08-06 00:00:00</subfield>
    <subfield code="v">250.00</subfield>
    <subfield code="w">2022-08-06</subfield>
    <subfield code="y">BK</subfield>
    <subfield code="z">010021947</subfield>
  </datafield>
</record>
